[Event "Grenoble Masters 1st"]
[Site "Grenoble"]
[Date "2002.06.29"]
[Round "8"]
[White "Masserey, Yvan"]
[Black "Stoppa, Omar"]
[Result "1-0"]
[WhiteElo "2340"]
[BlackElo "2224"]
[PlyCount "95"]
[EventDate "2002.06.22"]
[EventType "tourn"]
[EventRounds "9"]
[EventCountry "FRA"]
[EventCategory "3"]
[SourceTitle "CBM 088 Extra"]
[Source "ChessBase"]
[SourceDate "2002.07.01"]
[SourceVersion "2"]
[SourceVersionDate "2002.07.01"]
[SourceQuality "1"]

1. e4 e6 2. Qe2 Be7 3. Nf3 d5 4. d3 Nf6 5. g3 c5 6. Bg2 Nc6 7. 0-0 0-0 8. Re1 Re8 9. e5 Nd7 10. c4 Nf8 11. h4 a6 12. Nc3 b5 13. Bg5 b4 14. Bxe7 Nxe7 15. Na4 Qa5 16. b3 Bd7 17. Nb2 Qb6 18. h5 h6 19. Nh4 d4 20. Na4 Qc7 21. Bxa8 Rxa8 22. Nf3 Nh7 23. Nd2 Nf5 24. a3 a5 25. Ne4 Bxa4 26. bxa4 Qxe5 27. axb4 axb4 28. a5 Qc7 29. a6 Ng5 30. Nxg5 hxg5 31. Qe4 Ra7 32. Re2 Qd6 33. Rea2 Ne7 34. Ra5 Nc6 35. Rb5 f5 36. Qe2 g4 37. Rb7 e5 38. Qd2 f4 39. gxf4 exf4 40. Qe2 Ra8 41. Qxg4 Qf6 42. a7 Ne5 43. Rb8+ Kh7 44. Qg2 f3 45. Qg3 Rxa7 46. Rxa7 Qh6 47. Qxe5 Qc1+ 48. Kh2 1-0